Kraftklub alle Songs - Statistiken

Allgemein
  • Dieses Quiz wurde 29 mal gespielt
  • Das Durchschnittsergebnis liegt bei 28 aus 64
Antwortstatistiken
Hint Antwort % Korrekt
2014 Blau
79%
2013 Songs für Liam
79%
2014 Schüsse in die Luft
74%
2022 Blaues Licht
68%
2017 Chemie Chemie Ya
63%
2011 Ich will nicht nach Berlin
63%
2013 Scheissindiedisko
63%
2014 Wie ich
63%
2013 Karl-Marx-Stadt
58%
2012 Kein Liebeslied
58%
2017 Sklave
58%
2025 Unsterblich sein
58%
2025 Unsterblich sein *
58%
2025 Wenn ich tot bin, fang ich wieder an
58%
2013 Eure Mädchen
53%
2025 Fallen in Liebe
53%
2014 Für immer
53%
2025 Marlboro Mann
53%
2014 Mein Rad
53%
2025 Ein letztes Mal
47%
2022 Ein Song reicht
47%
2017 Fenster
47%
2025 Kippenautomat
47%
2025 Schief in jedem Chor
47%
2013 Wieder Winter
47%
2025 Zeit aus dem Fenster
47%
2014 Zwei Dosen Sprite
47%
2014 Alles wegen Dir
42%
2017 Fan von Dir
42%
2025 Halts Maul und spiel
42%
2014 Hand in Hand
42%
2017 Leben ruinieren
42%
2013 Liebe
42%
2013 Mein Leben
42%
2013 Melancholie
42%
2013 Ritalin/Medikinet
42%
2025 So rechts
42%
2022 Wittenberg ist nicht Paris
42%
2014 Deine Gang
37%
2022 Fahr mit mir (4x4)
37%
2017 Hallo Nacht
37%
2014 Irgendeine Nummer
37%
2014 Schöner Tag
37%
2022 So schön
37%
2014 Unsere Fans
37%
2013 Zu jung
37%
2025 All die schönen Worte
32%
2017 Am Ende
32%
2017 Band mit dem K
32%
2022 Der Zeit bist du egal
32%
2022 Kein Gott, kein Staat, nur du
32%
2017 Liebe zu dritt
32%
2014 Meine Stadt ist zu laut
32%
2017 500K
26%
2022 Angst
26%
2017 Hausverbot (Chrom&Schwarz)
26%
2022 In meinem Kopf
26%
2013 Lieblingsband (Oh Yeah)
26%
2022 Teil dieser Band
26%
2017 Venus
26%
2022 Vierter September
26%
2014 Vorm Proberaum - Skit
26%
2014 Gestern Nacht
21%
2014 Weit weg
21%
Keine übereinstimmenden Quizze gefunden
Verteilung der Resultate
Anzahl Personen mit jedem Resultat
Perzentil nach korrekt beantworteten Fragen
Ihre Resultats-Entwicklung
Sie haben dieses Quiz noch nicht gespielt